000 00281nam a22001217a 4500
008 180911b xxu||||| |||| 00| 0 eng d
041 _aeng
080 _a370
100 _a38
101 _aGJU
245 _aStrategies To Achieve Readings Success
_cJakiera.S
942 _2udc
_cBK
999 _c47669
_d47669